| 000 | 00353nab a22001097u 4500 | ||
|---|---|---|---|
| 008 | 130520b2007 xxu||||| |||| 00| 0 spa d | ||
| 041 | _aspa | ||
| 100 | 1 |
_aCarriedo Tejedo, Manuel _967731 |
|
| 245 | 0 | 0 |
_aLa familia de San Rosendo _cManuel Carriedo Tejedo |
| 773 | 0 |
_tEstudios Mindonienses _gV.23, nº23,2007,págs. 103-124 _x0213-4357 _wRev196 |
|
| 942 | _cAR | ||
| 999 |
_c382276 _d382276 |
||